Powiaty na terenach Ziem Odzyskanych (z mapą) - Statystyki

Ogólne statystyki
  • Ten quiz został rozwiązany 26 razy
  • Średni wynik to 93 z 124
Odpowiedzi na mapie
Odpowiedzi zakodowano w zielono-czerwonej skali na mapie do tego quizu, zgodnie z poniższymi procentami.
 
Statystyki odpowiedzi
Powiat % Poprawnych
Gdańsk
100%
Sopot
100%
Świnoujście
100%
Szczecin
100%
gorzowski
94%
Gorzów Wielkopolski
94%
Koszalin
94%
Słupsk
94%
słupski
94%
Zielona Góra
94%
zielonogórski
94%
gdański
89%
gryficki
89%
gryfiński
89%
Jelenia Góra
89%
kołobrzeski
89%
koszaliński
89%
malborski
89%
nowodworski
89%
Olsztyn
89%
braniewski
83%
Elbląg
83%
elbląski
83%
ełcki
83%
głogowski
83%
karkonoski
83%
kłodzki
83%
lęborski
83%
Legnica
83%
legnicki
83%
lubiński
83%
nyski
83%
oławski
83%
olsztyński
83%
Opole
83%
opolski
83%
policki
83%
pucki
83%
słubicki
83%
Wałbrzych
83%
wejherowski
83%
Wrocław
83%
bartoszycki
78%
działdowski
78%
Gliwice
78%
gołdapski
78%
iławski
78%
kamieński
78%
kwidzyński
78%
mrągowski
78%
nowosolski
78%
pyrzycki
78%
Ruda Śląska
78%
stargardzki
78%
wałbrzyski
78%
wrocławski
78%
Zabrze
78%
zgorzelecki
78%
brzeski
72%
Bytom
72%
bytowski
72%
drawski
72%
giżycki
72%
gliwicki
72%
głubczycki
72%
goleniowski
72%
kluczborski
72%
krośnieński
72%
milicki
72%
olecki
72%
oleśnicki
72%
polkowicki
72%
sławieński
72%
strzelecki
72%
świdnicki
72%
szczecinecki
72%
sztumski
72%
węgorzewski
72%
żarski
72%
złotowski
72%
człuchowski
67%
dzierżoniowski
67%
jaworski
67%
kamiennogórski
67%
kętrzyński
67%
lidzbarski
67%
łobeski
67%
myśliborski
67%
namysłowski
67%
ostródzki
67%
pilski
67%
piski
67%
prudnicki
67%
raciborski
67%
świdwiński
67%
świebodziński
67%
szczycieński
67%
trzebnicki
67%
wałecki
67%
wołowski
67%
żagański
67%
złotoryjski
67%
białogardzki
61%
bolesławiecki
61%
choszczeński
61%
czarnkowsko-trzcianecki
61%
kędzierzyńsko-kozielski
61%
międzyrzecki
61%
nidzicki
61%
nowomiejski
61%
średzki
61%
sulęciński
61%
wschowski
61%
krapkowicki
56%
lubański
56%
lubliniecki
56%
lwówecki
56%
oleski
56%
strzelecko-drezdenecki
56%
strzeliński
56%
wolsztyński
56%
ząbkowicki
56%
górowski
50%
tarnogórski
50%
Nie znaleziono quizów pasujących do podanych kryteriów
Rozkład punktacji
Procent ludzi z każdym wynikiem
Percentyl według liczby udzielonych odpowiedzi
Twoja historia wyników
Nie rozwiązałeś tego quizu